000 00453nam a2200181Ia 4500
001 22541
005 20260414150838.0
008 260414t2006||||xx |||||||||||||| ||spa||
041 _aESP
082 _a621.382
_bH21
100 _aResende, Mauricio G (ed.)
_eAUT
245 0 _aHandbook of optimization in telecomunications
_b
260 _c2006
300 _a1134 páginas :
_c24 cm.
650 _aTCA
654 _aCET
942 _cLIB
_dJUS
_fJUS
_2ddc
_n
999 _c22541
_d22541